000 01545nam2a2200277 4500
001 RU\NLR\BIBL_A\016320510
005 20230426114443.0
010 _a978-5-600-03375-7
_91000
021 _aRU
_bКН-П-23-009688
_9КН-П-23-0953
035 _a(NLR Aleph) 016320510
090 _a13029985
_c13029985
100 _a20230323d2023 u y0rusy50 ca
101 0 _arus
102 _aRU
105 _aa z 000zy
200 0 _aКн. 1
210 _d2023
215 _a206, [1] с.
_cил., цв. ил., портр.
320 _aБиблиогр.: с. 204-207 (45 назв.)
461 0 _1001RU\NLR\BIBL_A\016320498
_12001#$aЭкология наизнанку$eкак работают международные экологические сообщества в России и за рубежом$fВадим Петров$gиллюстрации Т. Уваровой$vКн. 1
_1700#1$aПетров$bВ. О.$f1984-$cюрист, природоохран. деятельность$3RU\NLR\AUTH\770255366$gВадим Олегович
_913029958
_aПетров, В. О. (юрист, природоохран. деятельность ; 1984-)
_cМосква
_d2023
_fВадим Петров
_nЭксмо
_oкак работают международные экологические сообщества в России и за рубежом
_tЭкология наизнанку
_vКн. 1
942 _cBOOK
980 _aNB